Negro social and political thought, 1850-1920 ; representative texts.

Bibliographic Details
Main Author: Brotz, Howard
Format: Book
Language:English
Published: New York : Basic Books, [1966]
Subjects:

MARC

Tag First Indicator Second Indicator Subfields
LEADER 00000cam a22000001 4500
001 in00000039388
005 20151007081707.0
008 731212s1966 nyu b 00000 eng
010 |a  66022070  
035 |a (OCoLC)00424111 
035 |9 AAF6778AM 
040 |a DLC  |c DLC  |d TXA  |d UtOrBLW 
043 |a f------ 
049 |a TXAM  |c [474496] 
050 0 0 |a E185  |b .B876 
082 0 |a 301.45196073 
092 |a 301.45196  |b B874n 
100 1 |a Brotz, Howard. 
245 1 0 |a Negro social and political thought, 1850-1920 ;  |b representative texts. 
264 1 |a New York :  |b Basic Books,  |c [1966] 
300 |a ix, 593 pages ;  |c 24 cm. 
336 |a text  |b txt  |2 rdacontent 
337 |a unmediated  |b n  |2 rdamedia 
338 |a volume  |b nc  |2 rdacarrier 
504 |a Includes bibliographies. 
650 0 |a African Americans  |x History. 
650 0 |a African Americans  |x Colonization  |z Africa. 
650 0 |a African Americans  |x Social conditions. 
999 |a MARS 
999 f f |s f1568dff-173b-348a-b64c-2dca0609afbf  |i ac4210b7-543e-319f-b6a5-a2db83872ea9  |t 0 
952 f f |p normal  |a Texas A&M University  |b College Station  |c Sterling C. Evans Library  |d Evans: Library Stacks  |t 0  |e E185 .B876  |h Library of Congress classification  |i unmediated -- volume  |m A14800643952 
998 f f |a E185 .B876  |t 0  |l Evans: Library Stacks